Patrimonio de las sociedades comerciales

Detalles Bibliográficos
Autor principal: Carvalho Betancur, Javier Alonso
Formato: eBook
Lenguaje:español
Publicado: Bogot:̀ ECOE, 2013
Materias:
Acceso en línea:Acceso restringido

MARC

LEADER 00000nam a22000007a 4500
005 20220207205345.0
007 cr|||| ||||
008 220207s2013 co |||||s|||| 00||0 spa d
020 |a 978-958-648-604-0 
035 |a 35792 
040 |a vLex 
090 |c 12927  |d 12927 
100 1 |a Carvalho Betancur, Javier Alonso 
245 1 0 |a Patrimonio de las sociedades comerciales  |h [Recurso electrn̤ico] /  |c Javier Alonso Carvalho Betancur 
256 |a Servicio en ln̕ea 
260 |a Bogot:̀  |b ECOE,  |c 2013 
300 |a 1 recurso electrn̤ico 
500 |a El presente texto est ̀conformado por tres capt̕ulos referidos a la contabilidad del patrimonio de las sociedades, en ľ se analiza la normatividad contable nacional e internacional, los conceptos emitidos por las distintas autoridades que ejercen funciones de inspeccin̤, vigilancia y control por parte del Estado se proponen ejercicios de demostracin̤ para clarificar los diferentes temas. La obra est ̀dirigida a profesionales, profesores y estudiantes de las ciencias econm̤icas, especialmente a contadores pb︢licos, revisores fiscales, auditores externos, representantes legales, administradores, miembros de juntas directivas y en general a todas las personas que necesitan entender el tema del patrimonio de las sociedades. Cada capt̕ulo est ̀acompaądo de objetivos, de třminos claves, cuestionarios, preguntas tipo ECAES, ejercicios que permiten a los diferentes lectores comprobar los conocimientos adquiridos a travš de la lectura de este material y se incluyen tambiň, actividades de investigacin̤.En la obra se analiza el patrimonio de las sociedades de capital, de las sociedades de personas y otros aspectos del patrimonio. 
506 1 |a Disponible solo en los productos indicados  |d vLex Global  |d vLex Global (Academic Edition, excluding Law Schools)  |d vLex Global (U.S. Academic Edition, Law Schools)  |d vLex Global (U.S. Academic Edition, excluding Law Schools)  |d vLex Global (Academic Edition, Law Schools) 
650 0 4 |a Contabilidad  |z Colombia 
650 0 4 |a Banca y finanzas  |z Colombia 
740 0 |a vLex Libros (Servicio en ln̕ea) 
856 4 0 |u https://app.vlex.com/#/sources/35792  |z Acceso restringido 
942 |c BOOK 
999 0 |a Accounting 
999 0 |a Banking and finance